<The> Blackwell encyclopedia of management

Gespeichert in:
Bibliographische Detailangaben
Weitere Verfasser: Cooper, Cary L., Argyris, Chris, Starbuck, William H.
Format: Buch
Sprache:Englisch
Veröffentlicht: Malden Blackwell Publishing 2005
Ausgabe:2nd ed.
Schlagworte:
Tags: Tag hinzufügen
Keine Tags, Fügen Sie das erste Tag hinzu!

MARC

LEADER 00000nam$a2200000$$$4500
001 0105901
005 20231215114921.4
020 |a 1-4051-1827-X 
020 |a 0-631-23317-2 
041 0 |a eng 
044 |a US 
245 1 0 |a <The> Blackwell encyclopedia of management  |c encyclopedia editor Cary L. Cooper, advisory editors Chris Argyris and William H. Starbuck 
250 |a 2nd ed. 
264 1 |a Malden  |b Blackwell Publishing  |c 2005 
300 |a xii, 441 s. 
610 2 0 |a manažment 
610 2 0 |a účtovníctvo 
700 1 |a Cooper, Cary L. 
700 1 |a Argyris, Chris 
700 1 |a Starbuck, William H.